000
00354nam a2200133Ia 4500
008
231129s9999||||xx |||||||||||||| ||spa||
020
_a
84-206-0208-6
040
_b
spa
082
_a
818.5 A832ó
100
_a
Asimov Isaac
245
0
_a
Opus 200
264
_a
Madrid España: Alianza Editorial
942
_2
ddc
_c
BKS
999
_c
22131
_d
22131